000 02614nam a2200361 a 4500
001 dia_517
003 CHAP
005 20260127093242.0
007 ta
008 220117s1979 mx ad frm 001 0 spa d
010 _a171069
040 _amxchpua
_cCHAP
041 0 _aspa
090 _aTesis
_bG37
_c1979
100 1 _aGarcía Monserrat, José Luis
245 1 3 _aLas explosiones del polvo, así como, sus normas de prevención y seguridad en la industria /
_cJosé Luis García Monserrat
264 _aMéxico :
_bEl autor,
_c1979
300 _aiv, 183 hojas :
_bilustraciones, tablas, gráficas, diagramas
336 _2rdacontent
_atexto
_btxt
337 _2rdamedia
_ano mediado
_bn
338 _2rdacarrier
_avolumen
_bnc
502 _aTesis
_b(Ingeniero Químico ) --
_cUNAM, Facultad de Química,
_d1979
504 _aBibliografía : hojas 181-182
520 3 _aEl estudio que a continuación se desarrolla, trata de ser lo más representativo y apegado la realidad que atañe proporcionando cifras y datos de cómo y cuándo se presentan los riesgos de una "Explosión de Polvo", debida al polvo industrial ya que, además de causar daños materiales pone en peligro la vida de los operarios, interrumpa la producción y economía del país. La realización de este escrito es con el fin de contribuir en una pequeña parte a. prevenir la incidencia y propagación de las explosiones de polvo ocasionadas por el polvo industrial de cualquier substancia que pueda quemarse en las proporciones adecuadas de aire y polvo. Hay una cantidad ilimitada de industrias polvosas en nuestro país, en este estudio solamente se considerarán las más comunes, representativas, y en las que, cabe que se presenten con un mayor índice de frecuencia "Las Explosiones de Polvo", deriva das del uso y manejo de los polvos industriales. Las propiedades físicas y químicas de los polvos industriales de categoría inflamable que se manejan en las diversas operaciones industriales, unidas a las condiciones ambientales del medio en que se ejecuta el trabajo, y la manera como el hombre actual las maneja, generan repercusiones importantes para el individuo que las opera, y aun para el medio en donde las desarrolla.
650 1 3 _aPolvo
_2atg
_xPropiedades fisicoquímicas
650 1 3 _aDust
_2atg
_xPhysicochemical properties
700 1 _aVilchis Zimbron, Ramon
_edirector
700 1 _aCastañares Alcalá, Jorge A.
_easesor
901 _aTESIS G37 1979
902 _aM
905 _a0000001979 mx 0000000000spa00
942 _cTESIS
_2Clasificación Universidad Autónoma Chapingo
999 _c171069
_d171069